000 00388nam a2200157Ia 4500
008 151213s9999 xx 000 0 und d
100 _aSyed Hassan Jamil
245 _aThe Limitation Act
_cSyed Hassan Jamil
250 _a3rd
260 _aDhaka
_bMokta Law Book House
_c2004
300 _a2889 p.
650 _aLaw
650 _aLaw
700 _aSyed Hassan Jamil
999 _c1980
_d1980